[Event "Toronto Labour Day op U2200"]
[Site "Toronto"]
[Date "2009.09.05"]
[Round "1"]
[White "Verde, Pino"]
[Black "Arfin, Sam"]
[Result "1-0"]
[WhiteElo "1757"]
[BlackElo "1914"]
[PlyCount "39"]
[EventDate "2009.09.05"]
[EventType "swiss"]
[EventRounds "6"]
[EventCountry "CAN"]
[SourceTitle "EXT 2011"]
[Source "ChessBase"]
[SourceDate "2010.11.26"]
[SourceVersion "1"]
[SourceVersionDate "2010.11.26"]
[SourceQuality "1"]

1. e4 c5 2. Nf3 g6 3. Bc4 Bg7 4. c3 e6 5. 0-0 Ne7 6. Re1 0-0 7. d3 d5 8. exd5 Nxd5 9. Nbd2 b6 10. Nf1 Bb7 11. Ne3 Nf4 12. Ng4 Qd6 13. Nge5 Bxe5 14. Nxe5 Nxg2 15. Nxf7 Rxf7 16. Rxe6 Qd7 17. Qg4 Kg7 18. Qg5 Qc7 19. Qh6+ Kg8 20. Re8# 1-0

[Event "Canadian op"]
[Site "Edmonton"]
[Date "2009.07.13"]
[Round "3.68"]
[White "Arfin, Sam"]
[Black "MacFie, Matthew"]
[Result "1-0"]
[WhiteElo "1916"]
[BlackElo "1197"]
[PlyCount "69"]
[EventDate "2009.07.11"]
[EventType "swiss"]
[EventRounds "9"]
[EventCountry "CAN"]
[SourceTitle "EXT 2022"]
[Source "ChessBase"]
[SourceDate "2021.10.06"]
[SourceVersion "1"]
[SourceVersionDate "2021.10.06"]
[SourceQuality "1"]

1. d4 Nc6 2. c4 a5 3. Nc3 b6 4. e4 Rb8 5. Nf3 d6 6. h3 h6 7. Be3 Be6 8. d5 Bd7 9. dxc6 Bxc6 10. Be2 e6 11. Nd4 Ba8 12. 0-0 e5 13. Nf3 Ne7 14. Qc2 Nc6 15. a3 b5 16. cxb5 Na7 17. Bxa7 Rc8 18. Qa4 Be7 19. Nd5 0-0 20. Qxa5 g5 21. Rfd1 Qe8 22. Rac1 c5 23. bxc6 h5 24. Nh2 f6 25. Nxe7+ Qxe7 26. Bc4+ Kh8 27. Bd5 Rxc6 28. Bxc6 Rc8 29. Bxa8 Rxa8 30. Rc7 Qe8 31. Rxd6 Qg8 32. Rdd7 Rf8 33. Qd5 f5 34. Qxg8+ Rxg8 35. Rh7# 1-0

[Event "Canadian op"]
[Site "Edmonton"]
[Date "2009.07.11"]
[Round "1.89"]
[White "Arfin, Sam"]
[Black "Kassam, Jamil"]
[Result "1-0"]
[WhiteElo "1916"]
[BlackElo "1334"]
[PlyCount "73"]
[EventDate "2009.07.11"]
[EventType "swiss"]
[EventRounds "9"]
[EventCountry "CAN"]
[SourceTitle "EXT 2022"]
[Source "ChessBase"]
[SourceDate "2021.10.06"]
[SourceVersion "1"]
[SourceVersionDate "2021.10.06"]
[SourceQuality "1"]

1. d4 d5 2. c4 e6 3. Nc3 Nf6 4. cxd5 exd5 5. Bg5 Be7 6. e3 h6 7. Bh4 0-0 8. Bd3 Nbd7 9. Nge2 Nb6 10. 0-0 Nh5 11. Bxe7 Qxe7 12. Rc1 c6 13. a3 a5 14. Na4 Nd7 15. Nc5 Nxc5 16. Rxc5 Nf6 17. Qd2 Qc7 18. Nf4 Be6 19. Rfc1 Rfd8 20. b4 axb4 21. axb4 Qb6 22. b5 cxb5 23. Rxb5 Qa7 24. h3 Bd7 25. Rbc5 Bc6 26. Qe2 g5 27. Nh5 Nd7 28. R5c3 Rdc8 29. Qf3 Qb6 30. Bh7+ Kf8 31. Bg6 Ke8 32. Bxf7+ Kd8 33. Bxd5 Kc7 34. Bxc6 bxc6 35. Rxc6+ Kb8 36. Rxc8+ Ka7 37. Rxa8# 1-0

[Event "Scarborough CC Spring op"]
[Site "Toronto"]
[Date "2009.05.14"]
[Round "3"]
[White "Morra, Lui"]
[Black "Arfin, Sam"]
[Result "0-1"]
[WhiteElo "1582"]
[BlackElo "1920"]
[PlyCount "76"]
[EventDate "2009.04.30"]
[EventType "swiss"]
[EventRounds "9"]
[EventCountry "CAN"]
[SourceTitle "EXT 2011"]
[Source "ChessBase"]
[SourceDate "2010.11.26"]
[SourceVersion "1"]
[SourceVersionDate "2010.11.26"]
[SourceQuality "1"]

1. e4 c5 2. Nf3 g6 3. d4 cxd4 4. Nxd4 Nc6 5. Be3 Nf6 6. Nc3 Bg7 7. Be2 d6 8. Nb3 Be6 9. f3 d5 10. Qd2 dxe4 11. fxe4 0-0 12. Qc1 Ne5 13. Bh6 Bxh6 14. Qxh6 Neg4 15. Qg5 Qb6 16. Bxg4 Nxg4 17. Nd1 Rfd8 18. Qf4 h6 19. h3 g5 20. Qg3 Qb4+ 21. Nc3 Nf6 22. Qe3 a5 23. 0-0 b5 24. Rad1 a4 25. Nc5 Bc4 26. Rfe1 Rxd1 27. Rxd1 Qxb2 28. e5 Nh5 29. e6 Nf4 30. exf7+ Bxf7 31. h4 Qxc3 32. Qf2 Rc8 33. Ne4 Qxc2 34. Rd4 Ne2+ 35. Kh2 Nxd4 36. Qxd4 Rc4 37. Qd8+ Kg7 38. Qxe7 Qxe4 0-1

[Event "Scarborough CC-ch reserves op"]
[Site "Toronto"]
[Date "2009.03.26"]
[Round "5"]
[White "Arfin, Sam"]
[Black "Ferreira, Alex"]
[Result "0-1"]
[WhiteElo "1893"]
[BlackElo "2062"]
[PlyCount "70"]
[EventDate "2009.02.26"]
[EventType "swiss"]
[EventRounds "9"]
[EventCountry "CAN"]
[SourceTitle "EXT 2011"]
[Source "ChessBase"]
[SourceDate "2010.11.26"]
[SourceVersion "1"]
[SourceVersionDate "2010.11.26"]
[SourceQuality "1"]

1. e4 d5 2. exd5 Nf6 3. d4 Nxd5 4. c4 Nb6 5. Nc3 e5 6. d5 Bb4 7. Bd2 c6 8. dxc6 Nxc6 9. a3 Bxc3 10. Bxc3 Qxd1+ 11. Rxd1 Bg4 12. f3 Be6 13. b3 0-0 14. Bd3 Rfd8 15. Ne2 a5 16. a4 Nd7 17. Kf2 Nc5 18. Bc2 f6 19. Ng3 Nd4 20. Bxd4 exd4 21. Ne4 d3 22. Nxc5 dxc2 23. Rxd8+ Rxd8 24. Rc1 Bf5 25. Ke2 Re8+ 26. Kd2 Rd8+ 27. Ke2 Re8+ 28. Kd2 Re7 29. g4 Bg6 30. h3 h5 31. Rf1 hxg4 32. hxg4 b6 33. Na6 Rd7+ 34. Kc1 Rd3 35. c5 Rxb3 0-1

[Event "Scarborough CC-ch reserves op"]
[Site "Toronto"]
[Date "2009.03.19"]
[Round "4"]
[White "Moysoski, Randy"]
[Black "Arfin, Sam"]
[Result "0-1"]
[WhiteElo "1870"]
[BlackElo "1939"]
[PlyCount "52"]
[EventDate "2009.02.26"]
[EventType "swiss"]
[EventRounds "9"]
[EventCountry "CAN"]
[SourceTitle "EXT 2011"]
[Source "ChessBase"]
[SourceDate "2010.11.26"]
[SourceVersion "1"]
[SourceVersionDate "2010.11.26"]
[SourceQuality "1"]

1. e4 d5 2. e5 c5 3. Nf3 Bg4 4. Be2 e6 5. d4 Nc6 6. 0-0 Bxf3 7. Bxf3 Nxd4 8. Bg4 Ne7 9. c3 Ndc6 10. f4 g6 11. Qb3 Qb6 12. Qa4 Nf5 13. Kh1 Be7 14. Na3 h5 15. Be2 h4 16. c4 0-0-0 17. Rb1 Qb4 18. Qxb4 cxb4 19. cxd5 Ng3+ 20. Kg1 Nxe2+ 21. Kf2 bxa3 22. dxc6 Nxc1 23. Rfxc1 Rd2+ 24. Kf3 Rxb2 25. Ra1 b6 26. Ke3 Bc5+ 0-1

[Event "Scarborough CC Fall Swiss"]
[Site "Toronto"]
[Date "2008.11.20"]
[Round "4"]
[White "Moysoski, Randy"]
[Black "Arfin, Sam"]
[Result "1-0"]
[WhiteElo "1804"]
[BlackElo "1902"]
[PlyCount "71"]
[EventDate "2008.10.30"]
[EventType "swiss"]
[EventRounds "8"]
[EventCountry "CAN"]
[SourceTitle "EXT 2011"]
[Source "ChessBase"]
[SourceDate "2010.11.26"]
[SourceVersion "1"]
[SourceVersionDate "2010.11.26"]
[SourceQuality "1"]

1. e4 c5 2. Nc3 g6 3. g3 Bg7 4. Bg2 Nc6 5. d3 d6 6. Nh3 Bxh3 7. Bxh3 Nf6 8. Bg2 Rb8 9. 0-0 0-0 10. f4 Ne8 11. f5 Nc7 12. Be3 b5 13. Qd2 b4 14. Nd1 Nb5 15. Bh6 Nbd4 16. Bxg7 Kxg7 17. Ne3 f6 18. c3 bxc3 19. bxc3 Nb5 20. a4 Nc7 21. h4 Qc8 22. Ng4 Rg8 23. Bh3 Qf8 24. d4 Na5 25. Rab1 Rxb1 26. Rxb1 gxf5 27. Nh6 Rh8 28. Nxf5+ Kf7 29. Kh2 cxd4 30. cxd4 Nc6 31. Qc3 Qa8 32. Qc4+ e6 33. Nxd6+ Ke7 34. Nb5 Nxb5 35. Qxe6+ Kf8 36. Qxf6+ 1-0

[Event "Toronto Howard Ridout op"]
[Site "Toronto"]
[Date "2008.10.09"]
[Round "5"]
[White "Arfin, Sam"]
[Black "Henry, Liam"]
[Result "0-1"]
[WhiteElo "1902"]
[BlackElo "2258"]
[PlyCount "52"]
[EventDate "2008.09.11"]
[EventType "swiss"]
[EventRounds "7"]
[EventCountry "CAN"]
[SourceTitle "EXT 2011"]
[Source "ChessBase"]
[SourceDate "2010.11.26"]
[SourceVersion "1"]
[SourceVersionDate "2010.11.26"]
[SourceQuality "1"]

1. e4 c5 2. Nf3 d6 3. d4 cxd4 4. Nxd4 Nf6 5. Nc3 a6 6. Be2 e5 7. Nb3 Be7 8. Be3 Be6 9. 0-0 Nbd7 10. f4 Qc7 11. f5 Bc4 12. Kh1 Rc8 13. a4 0-0 14. g4 h6 15. Bxc4 Qxc4 16. Qf3 d5 17. Nd2 Qb4 18. Nxd5 Nxd5 19. exd5 Rxc2 20. Ne4 Nf6 21. Nxf6+ Bxf6 22. g5 Qh4 23. Bf2 Qxg5 24. Rg1 Qf4 25. Qxf4 exf4 26. d6 Rxf2 0-1

[Event "Scarborough CC Spring Swiss"]
[Site "Toronto"]
[Date "2008.03.20"]
[Round "2"]
[White "Hall, John2222"]
[Black "Arfin, Sam"]
[Result "1-0"]
[WhiteElo "2115"]
[BlackElo "1689"]
[PlyCount "57"]
[EventDate "2008.03.13"]
[EventType "swiss"]
[EventRounds "8"]
[EventCountry "CAN"]
[SourceTitle "EXT 2011"]
[Source "ChessBase"]
[SourceDate "2010.11.26"]
[SourceVersion "1"]
[SourceVersionDate "2010.11.26"]
[SourceQuality "1"]

1. Nf3 c5 2. c4 Nc6 3. g3 g6 4. d4 cxd4 5. Nxd4 Bg7 6. Nc2 Nf6 7. Bg2 0-0 8. 0-0 d6 9. Nc3 Be6 10. b3 Nd7 11. Bb2 a5 12. e3 Nc5 13. Nd4 Bd7 14. Rb1 Rb8 15. Nd5 Ne5 16. h3 Ned3 17. Ba1 b5 18. Qe2 bxc4 19. bxc4 Rxb1 20. Rxb1 e6 21. Nc3 a4 22. Ndb5 Bxc3 23. Bxc3 Bxb5 24. cxb5 Qe7 25. Rd1 Ne5 26. Bxe5 dxe5 27. Qc4 Nd7 28. Qc7 Rd8 29. Bc6 1-0

[Event "Scarborough CC-ch reserves"]
[Site "Toronto"]
[Date "2008.01.10"]
[Round "2"]
[White "Arfin, Sam"]
[Black "Paterson, Jim"]
[Result "1-0"]
[WhiteElo "1659"]
[BlackElo "1821"]
[PlyCount "117"]
[EventDate "2008.01.03"]
[EventType "swiss"]
[EventRounds "10"]
[EventCountry "CAN"]
[SourceTitle "EXT 2011"]
[Source "ChessBase"]
[SourceDate "2010.11.26"]
[SourceVersion "1"]
[SourceVersionDate "2010.11.26"]
[SourceQuality "1"]

1. d4 c6 2. e4 d5 3. exd5 cxd5 4. Bd3 Nc6 5. c3 Nf6 6. Bf4 e6 7. Nf3 Bd6 8. Bxd6 Qxd6 9. Qe2 0-0 10. Ne5 Bd7 11. f4 Rfd8 12. 0-0 Be8 13. Nd2 Ne7 14. Rf3 g6 15. Qf2 Nf5 16. g4 Ng7 17. Qh4 Qe7 18. Raf1 h5 19. f5 exf5 20. gxf5 g5 21. Qxg5 Kf8 22. Rg3 Ng4 23. Qxe7+ Kxe7 24. Nxg4 Nxf5 25. Bxf5 hxg4 26. Bxg4 Bb5 27. Re3+ Kf8 28. Rf6 Bd7 29. Bxd7 Rxd7 30. h4 Kg7 31. Rf5 Rh8 32. Rg5+ Kf8 33. Nf3 f6 34. Rf5 Kg7 35. Rf4 Rh6 36. Rg4+ Rg6 37. Rxg6+ Kxg6 38. Re8 Kf5 39. Kf2 Kf4 40. Rg8 Ke4 41. Rg3 Kf4 42. Rh3 Rh7 43. h5 Rh6 44. Rh4+ Kf5 45. Kg3 Rh8 46. Rf4+ Ke6 47. Kh4 Rh7 48. Nh2 f5 49. Nf3 Kf6 50. Ne5 Re7 51. h6 Rh7 52. Kh5 Rh8 53. Nf3 Re8 54. h7 Kg7 55. Rxf5 Re2 56. Ng5 Rxb2 57. Rf7+ Kh8 58. Rf8+ Kg7 59. h8Q# 1-0

[Event "Scarborough CC Fall Swiss"]
[Site "Toronto"]
[Date "2007.12.13"]
[Round "7"]
[White "Armstrong, Robert J"]
[Black "Arfin, Sam"]
[Result "1-0"]
[WhiteElo "1818"]
[BlackElo "1614"]
[PlyCount "59"]
[EventDate "2007.11.01"]
[EventType "swiss"]
[EventRounds "7"]
[EventCountry "CAN"]
[SourceTitle "EXT 2022"]
[Source "ChessBase"]
[SourceDate "2021.10.06"]
[SourceVersion "1"]
[SourceVersionDate "2021.10.06"]
[SourceQuality "1"]

1. d4 Nf6 2. c4 c5 3. d5 b5 4. cxb5 a6 5. Nc3 d6 6. e4 Nbd7 7. f4 Nb6 8. Bd3 Bg4 9. Nf3 g6 10. 0-0 Bg7 11. h3 Bxf3 12. Qxf3 Qc7 13. bxa6 c4 14. Bc2 Rxa6 15. Bd2 Nfd7 16. Rae1 Qc5+ 17. Kh1 Qb4 18. b3 cxb3 19. Bxb3 Nc5 20. e5 Nxb3 21. axb3 0-0 22. exd6 exd6 23. Ne4 Qa3 24. Qd3 Rc8 25. Nxd6 Rd8 26. Re8+ Rxe8 27. Nxe8 Bh6 28. Nf6+ Kf8 29. Qe4 Ra8 30. Bb4+ 1-0

[Event "Scarborough CC Fall Swiss"]
[Site "Toronto"]
[Date "2007.12.06"]
[Round "6"]
[White "Arfin, Sam"]
[Black "Paterson, Jim"]
[Result "1/2-1/2"]
[WhiteElo "1614"]
[BlackElo "1850"]
[PlyCount "88"]
[EventDate "2007.11.01"]
[EventType "swiss"]
[EventRounds "7"]
[EventCountry "CAN"]
[SourceTitle "EXT 2022"]
[Source "ChessBase"]
[SourceDate "2021.10.06"]
[SourceVersion "1"]
[SourceVersionDate "2021.10.06"]
[SourceQuality "1"]

1. e4 e6 2. d4 b6 3. Nf3 Bb7 4. Bd3 Nf6 5. e5 Ne4 6. 0-0 f5 7. Nc3 Nxc3 8. bxc3 Be7 9. Ne1 g6 10. f4 c5 11. Ba3 cxd4 12. Bxe7 Qxe7 13. cxd4 Nc6 14. Bb5 Qb4 15. Bxc6 Bxc6 16. Rb1 Qc4 17. Nf3 Rc8 18. Rf2 Be4 19. Rb2 Qd5 20. Ng5 Rc4 21. Rd2 h6 22. Nxe4 Qxe4 23. g3 Qd5 24. Rb3 0-0 25. Rdd3 Rfc8 26. c3 Ra4 27. Qd2 Rcc4 28. Qb2 Ra5 29. Ra3 Rca4 30. Rxa4 Rxa4 31. Rd2 Ra5 32. Qc2 Ra3 33. Qb2 Ra5 34. Qc2 Qf3 35. Rf2 Qe3 36. Qd2 Qe4 37. Qb2 Qd5 38. Rd2 Rb5 39. Qc2 Qc4 40. Rf2 a5 41. Qc1 Qd3 42. Rb2 Rxb2 43. Qxb2 b5 44. Qa3 Qd1+ 1/2-1/2

[Event "Toronto Howard Ridout Swiss U1700"]
[Site "Toronto"]
[Date "2007.09.27"]
[Round "3"]
[White "Jizan, Masoud"]
[Black "Arfin, Sam"]
[Result "1-0"]
[WhiteElo "1596"]
[BlackElo "1544"]
[PlyCount "63"]
[EventDate "2007.09.13"]
[EventType "swiss"]
[EventRounds "7"]
[EventCountry "CAN"]
[SourceTitle "EXT 2022"]
[Source "ChessBase"]
[SourceDate "2021.10.06"]
[SourceVersion "1"]
[SourceVersionDate "2021.10.06"]
[SourceQuality "1"]

1. d4 Nf6 2. c4 e6 3. Nc3 Bb4 4. Nf3 Bxc3+ 5. bxc3 b6 6. e3 Ba6 7. Ne5 Nc6 8. Ba3 Nxe5 9. dxe5 Ng8 10. Qg4 g6 11. Qd4 Ne7 12. Bd3 Nc6 13. Qf4 g5 14. Qg3 f5 15. f4 Na5 16. Qf3 g4 17. Qe2 c5 18. 0-0-0 Qc7 19. e4 fxe4 20. Bxe4 0-0-0 21. Bd3 Rhf8 22. Qxg4 Bxc4 23. g3 Bxa2 24. Ba6+ Kb8 25. Qe2 Bd5 26. Rhg1 Qc6 27. Bb5 Bf3 28. Qd3 Qa8 29. Qd6+ Kb7 30. Qd3 Bxd1 31. Ba6+ Kc7 32. Qd6# 1-0

[Event "Scarborough CC-ch reserves"]
[Site "Toronto"]
[Date "2007.01.04"]
[Round "1"]
[White "Perez, Michael"]
[Black "Arfin, Sam"]
[Result "1-0"]
[WhiteElo "1653"]
[BlackElo "1346"]
[PlyCount "85"]
[EventDate "2007.01.04"]
[EventType "swiss"]
[EventRounds "9"]
[EventCountry "CAN"]
[SourceTitle "EXT 2022"]
[Source "ChessBase"]
[SourceDate "2021.10.06"]
[SourceVersion "1"]
[SourceVersionDate "2021.10.06"]
[SourceQuality "1"]

1. e4 c5 2. c3 d6 3. d4 cxd4 4. cxd4 a6 5. a4 Nc6 6. Bc4 e6 7. Nc3 Nf6 8. Bg5 Be7 9. a5 0-0 10. Nf3 Re8 11. Qd3 Nxa5 12. Ba2 b5 13. Bd2 Nc6 14. Ne2 Bb7 15. Rd1 Qc7 16. Bb1 g6 17. Rc1 Qd7 18. h4 Rec8 19. h5 Kf8 20. hxg6 fxg6 21. Ng5 Bd8 22. Nf4 e5 23. Nfe6+ Ke8 24. d5 Na7 25. Qh3 Rxc1+ 26. Bxc1 Ba5+ 27. Kf1 h5 28. Qf3 Qe7 29. Qg3 Rc8 30. Be3 Ra8 31. Nf3 Ng4 32. Bg5 Qf7 33. Nh4 Bc8 34. f3 Nf6 35. Bxf6 Qxf6 36. Qxg6+ Qxg6 37. Nxg6 Bd7 38. Rxh5 Kf7 39. Nh4 Bxe6 40. dxe6+ Kxe6 41. Ba2+ Kd7 42. Rh7+ Kc6 43. Bd5+ 1-0

[Event "Scarborough CC Late Fall Swiss"]
[Site "Toronto"]
[Date "2006.11.16"]
[Round "3"]
[White "Arfin, Sam"]
[Black "Philip, Andrew"]
[Result "0-1"]
[WhiteElo "1330"]
[BlackElo "1635"]
[PlyCount "74"]
[EventDate "2006.11.02"]
[EventType "swiss"]
[EventRounds "8"]
[EventCountry "CAN"]
[SourceTitle "EXT 2022"]
[Source "ChessBase"]
[SourceDate "2021.10.06"]
[SourceVersion "1"]
[SourceVersionDate "2021.10.06"]
[SourceQuality "1"]

1. e4 g6 2. d4 c6 3. Nf3 Bg7 4. Be2 d6 5. 0-0 Nf6 6. Nc3 0-0 7. Bg5 h6 8. Bxf6 Bxf6 9. Qd2 Bg7 10. a4 Nd7 11. a5 Nf6 12. a6 b5 13. e5 dxe5 14. dxe5 Qxd2 15. Nxd2 Nd7 16. f4 Nc5 17. Bf3 Bxa6 18. b4 Na4 19. Nxa4 bxa4 20. Rf2 Rfb8 21. Bxc6 Bb7 22. Bxb7 Rxb7 23. Rxa4 f6 24. e6 f5 25. c4 Bd4 26. Nb3 Bxf2+ 27. Kxf2 Rd8 28. Nc5 Rc7 29. Ke3 Rd1 30. h3 Rg1 31. Kf2 Rc1 32. Nd7 R1xc4 33. Ne5 Rxf4+ 34. Kg3 g5 35. Ng6 Re4 36. Ra5 f4+ 37. Kf3 Rxe6 0-1